00301 a2200121 4500001000700000020000600007040001100013100002300024240006000047245005500107300000800162362000900170182870 a  cMagnum aInstituto Camões10aCamôes: revista de letras e culturas lusófonaslpor10aCamôes: revista de letras e culturas lusófonas a1110 a1998